Konsolidácia chémie sa nekončí
Chemický priemysel prechádza celkovou konsolidáciou. Najväčšie zmeny prebiehajú v Európe. Neobišli ani veľké európske koncerny. Podiel Európy na globálnej chemickej výrobe v posledných rokoch mierne klesá, napriek tomu v Ázii, hlavne v Číne, rastie. Najväčší investori v Číne. Problémy s chemickým pr...
Salvato in:
| Autore principale: | |
|---|---|
| Natura: | Capitolo di libro |
| Lingua: | slovacco |
| Soggetti: | |
| Tags: |
Nessun Tag, puoi essere il primo ad aggiungerne!!
|
MARC
| LEADER | 00000naa$a2200000$$$4500 | ||
|---|---|---|---|
| 001 | 0023529 | ||
| 005 | 20231009075550.4 | ||
| 041 | 0 | |a slo | |
| 044 | |a SK | ||
| 245 | 1 | 0 | |a Konsolidácia chémie sa nekončí |c Kristian Slovák |
| 520 | |a Chemický priemysel prechádza celkovou konsolidáciou. Najväčšie zmeny prebiehajú v Európe. Neobišli ani veľké európske koncerny. Podiel Európy na globálnej chemickej výrobe v posledných rokoch mierne klesá, napriek tomu v Ázii, hlavne v Číne, rastie. Najväčší investori v Číne. Problémy s chemickým priemyslom majú aj v USA. | ||
| 610 | 2 | 0 | |a priemysel chemický |
| 610 | 2 | 0 | |a konsolidácia |
| 610 | 2 | 0 | |a výroba chemická |
| 610 | 2 | 0 | |a Európa |
| 610 | 2 | 0 | |a Čína |
| 610 | 2 | 0 | |a USA |
| 100 | 1 | |a Slovák, Kristian | |